Európaiság politikai és morális kultúra
Elmentve itt :
| További közreműködők: | |
|---|---|
| Adatforrás: | Philobibl |
| Dokumentumtípus: | Könyv |
| Nyelv: | magyar |
| Kulcsszavak: | erkölcs politikai kultúra Európa kultúra |
| Megjelent: |
Budapest
Áron
2004
|
| Kiadás: | 2. kiad. |
| LEADER | 00449nam a2200169 c 4500 | ||
|---|---|---|---|
| 001 | bibPHI0042935 | ||
| 005 | 20200924124857.8 | ||
| 008 | 040506s2004 hu b 000 0 hun d | ||
| 245 | 0 | 0 | |a Európaiság |b politikai és morális kultúra |c [szerk. Karikó Sándor] |
| 250 | |a 2. kiad. | ||
| 260 | |a Budapest |b Áron |c 2004 | ||
| 300 | |a 273 p. | ||
| 695 | |a erkölcs | ||
| 695 | |a politikai kultúra | ||
| 695 | |a Európa | ||
| 695 | |a kultúra | ||
| 700 | 1 | |a Karikó Sándor | |